| 000 | 00583nam a2200193 i 4500 | ||
|---|---|---|---|
| 001 | 33036 | ||
| 003 | ES-MaACL | ||
| 005 | 20230906154701.0 | ||
| 007 | t| | ||
| 008 | 030201s1962 sp ||||1| baq d | ||
| 245 | 0 | 0 | _aErrege Eguneko bertso-sayoa. |
| 260 |
_a[S.l. : _bs.n., _c1962] ( _eZarauz : _fTip. Icharopena) |
||
| 300 |
_a132 p. ; _c18 cm. |
||
| 490 | 1 |
_aBertsolariak.- Auspoa Liburutegia ; _v10 |
|
| 650 | 0 | 4 |
_aPoesÃas vascas- _yS.XX. _916251 |
| 830 | 0 |
_aBertsolariak.- Auspoa Liburutegia ; _v10 _9219487 |
|
| 852 |
_aES-MaACL _jC-21733 _bR.49896 |
||
| 999 |
_c33036 _d33036 |
||